|
|
|
|
| LEADER |
00745nam a2200253Ia 4500 |
| 008 |
141004s9999 xx 000 0 und d |
| 020 |
|
|
|a 81 7754 81 5
|
| 040 |
|
|
|c a
|
| 041 |
|
|
|a English
|
| 082 |
|
|
|a 635
|
| 082 |
|
|
|b SAI/LA
|
| 100 |
|
|
|a RS Saini
|
| 245 |
|
|
|a Laboratory manual of analytical techniques in horticulture
|
| 245 |
|
|
|c RS Saini
|
| 260 |
|
|
|a Jodhpur
|
| 260 |
|
|
|b Agrobios
|
| 260 |
|
|
|c 2001
|
| 300 |
|
|
|a 135 p.
|
| 300 |
|
|
|b 22 cm
|
| 365 |
|
|
|a Rs.395
|
| 650 |
|
|
|a Laboratory manual
|
| 942 |
|
|
|c BK
|
| 999 |
|
|
|c 172815
|d 172815
|
| 952 |
|
|
|0 0
|1 0
|4 0
|6 635_000000000000000_SAI_LA
|7 0
|9 177959
|a KAUCOF
|b KAUCOF
|g 395.00
|o 635 SAI/LA
|p KAU_COF-3163
|r 2014-10-04
|w 2014-10-04
|y BK
|